000 00800cam a2200205 4500
001 ABS60830
008 000000n1999 000 0 eng u
035 _a(Sirsi) u101332
100 _aPayne, S.
245 _aEnvironmental assessment.
260 _c1999
490 _aSolicitors' Journal
_v143(24) 18 June 1999, 582-583(2)
520 _aA discussion of the significance of the case "R v North Yorkshire County Council, ex parte Brown", which related to an environmental assessment of mineral extraction, an analysis of the Town and Country Planning (Assessment of Environmental Effects) Regulations 1999.
650 _aENVIRONMENTAL ASSESSMENT
650 _aNORTH YORKSHIRE
650 _aMINERAL EXTRACTION
650 _aDEVELOPMENT
690 _aPLANNING LAW AND PRACTICE
942 _n0
999 _c60480
_d60480